Southville International School and Colleges
Your cart is empty.
  • Cart
  • Lists
    Public lists list_1 View all
    Your lists Log in to create your own lists
  • Log in to your account
  • Your cookies
  • Search history
Southville International School and Colleges
  • Advanced search
  • Recent comments
  • Most popular
  • Libraries

Log in to your account

Log in with GOOGLE


If you do not have an external account, but do have a local account, you can still log in:

  1. Home
  2. MARC view: The hayes book of adventures /
Normal view MARC view ISBD view

The hayes book of adventures / (Record no. 105782)

[ view plain ]
MARC details
000 -LEADER
fixed length control field 00424nam a2200157 a 4500
005 - DATE AND TIME OF LATEST TRANSACTION
control field 20140412111414.0
008 - FIXED-LENGTH DATA ELEMENTS--GENERAL INFORMATION
fixed length control field 070702s19uu xx 00 eng d
020 ## - INTERNATIONAL STANDARD BOOK NUMBER
International Standard Book Number 0-88625-093-5
050 ## - LIBRARY OF CONGRESS CALL NUMBER
Classification number M 904
Item number D65 1986
100 ## - MAIN ENTRY--PERSONAL NAME
Personal name Donev, Stef
245 ## - TITLE STATEMENT
Title The hayes book of adventures /
Statement of responsibility, etc Stef Donev.
260 ## - PUBLICATION, DISTRIBUTION, ETC. (IMPRINT)
Place of publication, distribution, etc Ontario :
Name of publisher, distributor, etc Hayes pub,
Date of publication, distribution, etc 1986.
300 ## - PHYSICAL DESCRIPTION
Extent 48
650 ## - SUBJECT ADDED ENTRY--TOPICAL TERM
Topical term or geographic name as entry element adventure-- Juvenile literature
Holdings
Withdrawn status Lost status Damaged status Home library Current library Shelving location Date acquired Source of acquisition Total Checkouts Full call number Barcode Date last seen Price effective from Koha item type
      Elizalde Library Elizalde Library Main Section 07/02/2007     M 904 D65 1986 E10659 04/12/2014 04/12/2014 Books

The hayes book of adventures /

APA

Donev S., . (1986). The hayes book of adventures. Ontario: Hayes pub.

Chicago

Donev Stef, . 1986. The hayes book of adventures. Ontario: Hayes pub.

Harvard

Donev S., . (1986). The hayes book of adventures. Ontario: Hayes pub.

MLA

Donev Stef, . The hayes book of adventures. Ontario: Hayes pub. 1986.

  • Place hold
  • Print
  • Cite
  • Add to your cart (remove)
  • Save record
    BIBTEX Dublin Core MARCXML MARC (non-Unicode/MARC-8) MARC (Unicode/UTF-8) MARC (Unicode/UTF-8, Standard) MODS (XML) RIS
  • More searches
    Search for this title in:
    Other Libraries (WorldCat) Other Databases (Google Scholar) Online Stores (Bookfinder.com) Open Library (openlibrary.org)

Exporting to Dublin Core...

SOUTHVILLE LIBRARY

Southville International School and Colleges Library

1281 Tropical Ave. Cor. Luxembourg St., BF Homes International, Las Pinas City

Tel. No. 8256374 / 252358 Loc. 117/146

Powered by Koha